Software configuration management. SCM-6 Workshop : ICSE' 96. Berlin, Germany, 25.- 26. March 1996

Saved in:
Bibliographic Details
Other Authors: Sommerville, Ian (Compiler)
Format: Book
Language:English
Published: Berlin : Springer Verlag, 1996
Series:Lecture Notes in Computer Science 1167
Subjects:
Tags: Add Tag
No Tags, Be the first to tag this record!

MARC

LEADER 00000nam a22000003a 4500
001 stu50982
005 20200910135232.5
008 991123s1996----gw------------------eng-d
020 |a 3-540-61964-X 
040 |a STU  |b slo 
041 0 |a eng 
044 |a gw 
080 |a 681.32.06 
080 |a 519.683 
080 |a 061.3(08) 
084 |a C0310F  |2 INS 
084 |a C6110  |2 INS 
084 |a C6115  |2 INS 
100 1 |a Sommerville, Ian  |4 com 
245 1 |a Software configuration management. SCM-6 Workshop :  |b ICSE' 96. Berlin, Germany, 25.- 26. March 1996 
260 |a Berlin :  |b Springer Verlag,  |c 1996 
300 |a 290 s 
650 7 |a softvérové inžinierstvo  |2 stusub 
650 7 |a softvérový manažment  |2 stusub 
650 7 |a počítačové systémy  |2 stusub 
650 7 |a programové systémy  |2 stusub 
830 0 |a Lecture Notes in Computer Science  |v 1167 
996 |c I*Z5325  |l I  |s A  |a 24  |w stu50982_0001